Указатель изданий Общества естествоиспытателей при Казанском университете... за 1894-1909 года (Запись № 4214957)

Подробности
000 -МАРКЕР
контрольное поле 02006nam2a22002891 4500
001 - ИДЕНТИФИКАТОР ЗАПИСИ
контрольное поле v19\rc\1586548
005 - ИДЕНТИФИКАТОР ВЕРСИИ
контрольное поле 20250618213052.0
035 ## - ДРУГИЕ СИСТЕМНЫЕ НОМЕРА
Идентификатор записи (NLR Aleph) 004712118
100 ## - ДАННЫЕ ОБЩЕЙ ОБРАБОТКИ
Данные общей обработки 20061002d1910 |||y0rusy50 ca
101 0# - ЯЗЫК РЕСУРСА
Язык текста, звукозаписи и т.д. русский
-- немецкий
102 ## - СТРАНА ПУБЛИКАЦИИ ИЛИ ПРОИЗВОДСТВА
Страна публикации Российская Федерация
105 ## - ПОЛЕ КОДИРОВАННЫХ ДАННЫХ: ТЕКСТОВЫЕ МАТЕРИАЛЫ, МОНОГРАФИЧЕСКИЕ
Кодированные данные о монографическом текстовом документе y z |||||
200 0# - ЗАГЛАВИЕ И СВЕДЕНИЯ ОБ ОТВЕТСТВЕННОСТИ
Основное заглавие за 1894-1909 года
210 ## - ПУБЛИКАЦИЯ, РАСПРОСТРАНЕНИЕ И ДР.
Дата издания, распространения и т.д. 1910
Место издания, распространения и т.д. Б. м.
215 ## - ФИЗИЧЕСКАЯ ХАРАКТЕРИСТИКА
Специфическое обозначение материала и объем 44 с.
300 ## - ОБЩИЕ ПРИМЕЧАНИЯ
Текст примечания Часть текста парал. на рус. и нем. яз.
311 ## - ПРИМЕЧАНИЯ, ОТНОСЯЩИЕСЯ К ПОЛЯМ СВЯЗИ (ПРИМЕЧАНИЯ О СВЯЗИ С ДРУГИМИ ПРОИЗВЕДЕНИЯМИ (ИЗДАНИЯМИ))
Текст примечания Прил. к протоколам заседаний О-ва естествоиспытателей при Казанском ун-те. № 251
316 ## - ПРИМЕЧАНИЯ ОБ ОСОБЕННОСТЯХ ЭКЗЕМПЛЯРА
Текст примечания Экз. РНБ (2/1458): приплетено к изд. ... 1908/1909
Организация и экземпляр, к которому относится поле NLR: 2/1458
422 #0 - ИЗДАНИЕ, К КОТОРОМУ ОТНОСИТСЯ ПРИЛОЖЕНИЕ
Встроенное поле 2001#$aПротоколы заседаний Общества естествоиспытателей при Казанском университете$v№ 251
Заглавие Протоколы заседаний Общества естествоиспытателей при Казанском университете
461 #0 - УРОВЕНЬ НАБОРА
Встроенное поле 001v19\rc\1586546
-- 2001#$aУказатель изданий Общества естествоиспытателей при Казанском университете...$vза 1894-1909 года
Системный номер (АБИС) связанной записи 4214936
Автор Общество естествоиспытателей (Казань, до 1917 г.)
Место публикации Казань
Дата публикации 1894-1910
Заглавие Указатель изданий Общества естествоиспытателей при Казанском университете...
Номер тома за 1894-1909 года
482 #0 - ПРИПЛЕТЕНО К
Встроенное поле 2001#$aПротоколы заседаний Общества естествоиспытателей при Казанском университете$v1908/1909
Заглавие Протоколы заседаний Общества естествоиспытателей при Казанском университете
801 #0 - ИСТОЧНИК ЗАПИСИ
Страна Российская Федерация
Организация NLR
Правила каталогизации psbo
801 #1 - ИСТОЧНИК ЗАПИСИ
Страна Российская Федерация
Организация ProSoft-M
Источник данных rusmarc
852 ## - МЕСТОНАХОЖДЕНИЕ И ШИФР ХРАНЕНИЯ
Идентификатор организации NLR
Шифр хранения (Call Number) 2/1458
942 ## - ДОПОЛНИТЕЛЬНЫЕ ЭЛЕМЕНТЫ ЗАПИСИ (АБИС)
Тип экземпляра АБИС Книга
980 ## - КОЛЛЕКЦИЯ
Название коллекции Национальная библиография
Экземпляры
Тип экземпляра Дата поступления Библиотека постоянного хранения Библиотека текущего хранения Место хранения Шифр хранения Штрих-код Статус экземпляра
Книга 26.10.2013 РНБ (Московский) РНБ (Московский) Зал русского журнального фонда, издания по 1950 включительно (до 2000 года) 2/1458 4712118-10